Every 100,000+ city in India: Uttar Pradesh - Statistics

General Stats
  • This quiz has been taken 15 times
    14 since last reset
  • The average score is 31 of 95
Answer Stats
Letter Population City % Correct
K 4,576,915 Kanpur
100%
L 5,502,226 Lucknow
100%
A 3,151,850 Agra
79%
B 1,419,616 Bareilly
79%
G 4,101,074 Ghaziabad
79%
M 2,016,460 Meerut
79%
N 1,480,041 Noida
79%
G 1,336,084 Gorakhpur
71%
V 2,259,910 Varanasi
71%
A 1,529,480 Aligarh
64%
J 1,092,925 Jhansi
64%
M 1,126,514 Mathura
64%
M 1,372,219 Moradabad
64%
P 1,925,042 Prayagraj
64%
S 1,248,850 Saharanpur
64%
A 630,057 Ayodhya
57%
F 1,007,796 Firozabad
50%
M 913,870 Muzaffarnagar
50%
P 304,049 Pilibhit
50%
A 218,366 Azamgarh
43%
F 482,215 Faizabad
43%
F 318,467 Fatehpur
43%
H 280,150 Hardoi
43%
M 390,107 Mirzapur
43%
R 496,064 Rampur
43%
S 266,042 Sitapur
43%
U 502,257 Unnao
43%
A 350,131 Amroha
36%
B 322,576 Bahraich
36%
R 105,091 Balrampur
36%
B 105,503 Barabanki
36%
B 511,303 Bulandshahr
36%
D 259,667 Deoria
36%
E 190,135 Etah
36%
F 241,508 Farrukhabad
36%
G-N 441,617 Greater Noida
36%
J 254,094 Jaunpur
36%
L 329,083 Lakhimpur
36%
S 523,050 Shahjahanpur
36%
S 162,085 Sultanpur
36%
B 306,015 Ballia
29%
B 293,613 Basti
29%
B 132,250 Bijnor
29%
E 374,046 Etawah
29%
G 151,900 Ghazipur
29%
G 207,075 Gonda
29%
H 409,238 Hapur
29%
K 106,630 Kannauj
29%
L 310,721 Lalitpur
29%
M 236,965 Mainpuri
29%
M 194,607 Mau
29%
M 424,911 Mughalsarai
29%
O 358,032 Orai
29%
R 313,569 Raebareli
29%
S 234,090 Sambhal
29%
V 210,443 Vrindavan
29%
B 113,370 Baghpat
21%
B 225,012 Banda
21%
B 156,048 Budaun
21%
D 154,833 Dadri
21%
H 337,013 Hathras
21%
L 655,901 Loni
21%
M 142,160 Mahoba
21%
S 145,819 Shamli
21%
S/R 107,786 Sonbhadra
21%
A 128,727 Auraiya
14%
C 149,225 Chandausi
14%
D 120,653 Deoband
14%
K 102,580 Kasganj
14%
K 138,844 Khurja
14%
M 453,026 Modinagar
14%
M 152,287 Muradnagar
14%
N 178,868 Najibabad
14%
S 103,897 Sandila
14%
S 136,526 Shikohabad
14%
T 115,037 Tundla
14%
B 163,076 Baraut
7%
B-P 140,655 Bela Pratapgarh
7%
B-N-P 100,421 Bhadohi Nagar Palika
7%
C 101,356 Chandpur
7%
C-D 121,088 Chitrakoot Dham
7%
D 101,955 Dibiyapur
7%
G-M 104,695 Garh Mukteshwar
7%
G-G-N 103,293 Gola Gokaran Nath
7%
J 204,144 Jhusi
7%
K 112,045 Khalilabad
7%
K 100,802 Khatauli
7%
M 119,062 Mauranipur
7%
M 104,131 Mawana
7%
M 130,043 Mubarakpur
7%
N-G 285,611 Netua Grameen
7%
O 110,260 Obra
7%
P 133,026 Phaphamau
7%
P 147,706 Pilkhuwa
7%
P 109,406 Puranpur
7%
No matching quizzes found
Score Distribution
Percent of People with Each Score
Percentile by Number Answered
Your Score History
You have not taken this quiz since the last reset